Balón dividido /

Guardat en:
Dades bibliogràfiques
Autor principal: Villoro, Juan (autor)
Format: Llibre
Idioma:espanyol
Publicat: México : Planeta, 2018, c2014
Edició:1a edición, 2a reimpresión
Matèries:
Etiquetes: Afegir etiqueta
Sense etiquetes, Sigues el primer a etiquetar aquest registre!

MARC

LEADER 00000nam^a2200000^a^4500
001 000354238
005 20250521000000.0
009 20260310115131.319
020 |a 978-607-07-2124-3 
037 |a Acervo ITESO - Biblioteca 
041 |a ESP 
082 |a 796. 334  |b VIL 
100 |a Villoro, Juan  |e (autor) 
245 1 0 |a Balón dividido /  |c J. Villoro. 
250 |a 1a edición, 2a reimpresión 
264 4 |a México :  |b Planeta,  |c 2018, c2014 
300 |a 228 p. 
336 |a texto  |b txt  |2 rdacontenido 
337 |a sin mediación  |b n  |2 rdamedio 
338 |a volumen  |b nc  |2 rdasoporte 
545 0 |a Nacido en la Ciudad de México en 1956, Juan Villoro dirigió de 1995 a 1998 el suplemento La Jornada Semanal; ha colaborado en numerosas publicaciones culturales e incursionado en géneros muy diversos como la traducción, el cuento, la crónica, la novela y la literatura para niños. Es considerado un renovador de la narrativa contemporánea. Ha obtenido reconocimientos como el Premio Xavier Villaurrutia 1999 y el Premio Anagrama de Novela 2004. Algunos de sus títulos son: El mariscal de campo (1978); La noche navegable (1980); Albercas (1985); Tiempo transcurrido (1986); El disparo de argón (1991); La alcoba dormida (1992); Los once de la tribu (1995); Materia dispuesta (1996); La casa pierde (1998); y Efectos personales (2000), entre otros. 
585 |a Exposición DIA 2024-10 / 39° Encuentro deportivo INTERSUJ ITESO 2024 
649 |a XX 
650 |a Aficionados Deportivos -  |x Memorias 
650 |a Escritores Mexicanos -  |x Memorias 
650 |a Crónicas Mexicanas 
650 |a Ensayos Mexicanos 
650 |a Memorias Mexicanas 
650 |a Literatura Autobiográfica -  |z México 
650 |a Literatura Mexicana -  |y Siglo XXI 
650 |a Mundial de Futbol -  |z Sudáfrica 
650 |a Mundial de Futbol -  |x Historia 
650 |a Futbol -  |x Competencias -  |x Historia 
650 |a Futbol -  |x Tema Principal 
650 |a Campeonatos Deportivos -  |x Historia 
650 |a Deportes -  |x Historia 
650 |a Prácticas Culturales 
650 |a Sociología 
650 |a Villoro, Juan 
910 |a Fondo General 
920 |a Impresos - Libros 
930 |a Colección General 
905 |a 101 
901 |a 0500247352  |b IT1  |c ACC  |i C145882  |u 20250521 
901 |a 0500311956  |b IT1  |c ACC  |i C163109  |u 20250521 
902 |a https://opac.biblio.iteso.mx/vufind/Record/000354238